Principios de ingenieria de cimentaciones / Braja M. Das (Registro nro. 19315)

Detalles MARC
000 -LÍDER
fixed length control field 00503nam a2200169 4500
008 - ELEMENTOS DE LONGITUD FIJA -- INFORMACIÓN GENERAL
fixed length control field 0 2006 0a 000 0Mex
020 ## - NÚMERO INTERNACIONAL NORMALIZADO PARA LIBROS
ISBN 970-686-481-4, 978-970-686-481-9
050 ## - SIGNATURA TOPOGRAFICA DE LA BIBLIOTECA DEL CONGRESO (LC)
Número de Clasificación TA775 D368 2006
082 ## - NUMERO DE CLASIFICACION DECIMAL DEWEY
Número de Clasificación 624.15 D229p
100 ## - ASIENTO PRINCIPAL--NOMBRE PERSONAL
Nombre personal Das, Braja M.
245 ## - TÍTULO
Título Principios de ingenieria de cimentaciones / Braja M. Das
250 ## - MENCIÓN DE EDICIÓN
Mención de edición 5
260 ## - PUBLICACIÓN, DISTRIBUCIÓN, ETC. (PIE DE IMPRENTA)
Lugar de publicación, distribución, etc. México : Thomson, Cengage Learning
300 ## - DESCRIPCIÓN FÍSICA
Extensión xvii, 743 p. / 24 cm.
500 ## - NOTA GENERAL
Nota general Incluye ap‚ndice
650 ## - ASIENTO SECUNDARIO DE MATERIA - TERMINO TEMÁTICO
Término temático o nombre geográfico como elemento de entrada 1. CIMENTACIONES
Existencias
No. biblioteca No. biblioteca Número de clasificación Código de barras/Número de adquisición Número de copia Tipo de material
ÁREA DE CIVIL LUIS G. INCLAN 624.15 D229p 50514 5 Libros
ÁREA DE CIVIL ÁREA DE CIVIL 624.15 D229p 46536 1 Libros
ÁREA DE CIVIL ÁREA DE CIVIL 624.15 D229p 50374 2 Libros
ÁREA DE CIVIL ÁREA DE CIVIL 624.15 D229p 50375 3 Libros
ÁREA DE CIVIL ÁREA DE CIVIL 624.15 D229p 50376 4 Libros
Calzada Tecnológico # 27, Zacatepec, Morelos.
01(734) 343-07-23 / 343-21-10 / 343-21-11
Apdo. Postal 45 C.P 62780